000 00879nam a2200229Ia 4500
999 _c41264
_d41264
001 7917
003 GE_BSU
005 20220930142704.0
008 181216sru 2011xx |||||||||||||| ||rus||
020 _a9785756706185
040 _cGE_BSU
041 _arus
080 _a327(100) A-97
100 _aАчкасов,В.А.
_914929
245 _aМировая политика и международные отношения /
_cВ.А. Ачкасов, С.А. Ланцов.
264 _aМосква :
_bCАспект Пресс,
_c2011.
300 _a480 стр.:
_c21 см.
653 _aМировая политика и международные отношения
653 _aმსოფლიო პოლიტიკა და საერთაშორისო ურთიერთობები
700 _aЛанцов,С.А.
_914930
942 _cBK
_2udc